|
|
|
|
| LEADER |
00000nab a2200000 a 4500 |
| 001 |
vtls000187302 |
| 003 |
SK-MaSNL |
| 005 |
20260304063918.0 |
| 008 |
250422c1984 xo 0 slo |
| 015 |
|
|
|a SNBRB19rr/mm-uuuuu
|
| 035 |
|
|
|a CL0197415
|
| 035 |
|
|
|a urn:nbn:sk:snk-ab50e
|
| 035 |
|
|
|a (urnnbn)urn:nbn:sk:snk:ar-a03bmg
|
| 035 |
|
|
|a (uuid)5ead3679-0482-409c-a719-c15c6ce862b8
|
| 040 |
|
|
|a SNKBUCL
|b slo
|c SNKBUCL
|e AACR2
|
| 041 |
0 |
|
|a slo
|
| 044 |
|
|
|a xo
|c SK
|
| 080 |
|
|
|a 616.23
|2 1981
|
| 100 |
1 |
|
|a Haľák, Ondrej,
|d 1912-1998
|4 aut
|9 38464
|
| 245 |
1 |
0 |
|a Bajan, A.: Bronchitis
|c Ondrej Haľák
|
| 650 |
0 |
7 |
|a bronchitída klinická
|x recenzie
|2 snkbucl
|9 1350987
|
| 655 |
|
7 |
|a články z novín a časopisov
|2 snkbucl
|9 267496
|
| 773 |
0 |
|
|t Bratislavské lekárske listy
|g Roč. 81, č. 6 (1984), s. 740-741
|
| 787 |
0 |
8 |
|i Rec.:
|a Bajan, A.
|t Bronchitis
|d Martin : Osveta, 1983
|
| 850 |
|
|
|a Slovenská národná knižnica
|
| 852 |
|
|
|a Slovenská národná knižnica
|
| 954 |
|
|
|a odborná, vedecká literatúra pôvodná (slovenská)
|2 lita
|
| 958 |
|
|
|a article27
|
| 958 |
|
|
|a RK
|
| 958 |
|
|
|a MI
|
| 958 |
|
|
|a OND
|
| 958 |
|
|
|a EUIPO
|
| 992 |
|
|
|a RBX
|
| 999 |
|
|
|c 2744513
|d 2746443
|